| 000 | 00738nam a2200217 a 4500 | ||
|---|---|---|---|
| 001 | 000004153 | ||
| 005 | 20240412074202.0 | ||
| 008 | 090717s2007 dr r 000 0 spa d | ||
| 020 | _z9945978420210 | ||
| 040 |
_aDO-SdBNP _bspa _cBNPHU |
||
| 082 |
_aRD861.44 _bC146s |
||
| 100 | 1 |
_aCalderón, José, _b1971- _912293 |
|
| 245 | 1 | 0 |
_aSensaciones del silencio / _cJosé Calderón. |
| 260 |
_aSan Francisco de Macorís, República Dominicana : _bEditora nacional: _bÁngeles de Fierro, _c2007. |
||
| 300 |
_a64 p. ; _c18 cm. |
||
| 500 | _aIncluye datos biográficos del autor. | ||
| 590 | _aInventariado, 2018/BT | ||
| 650 | 0 |
_aPoesía dominicana _966 |
|
| 650 | 0 |
_aLiteratura dominicana. _967 |
|
| 910 | _aValidado. Control de calidad MMOLINA | ||
| 999 |
_c3969 _d3969 |
||